| 000 | 00896nam a2200265 a 4500 | ||
|---|---|---|---|
| 005 | 20200104041532.0 | ||
| 008 | 140305b1996 ck ||||| |||| 00| 0 spa d | ||
| 040 |
_aCO-BoIAVH _cCO-BoIAVH |
||
| 041 | _aspa | ||
| 044 | _ack | ||
| 090 |
_aLB _b02233 |
||
| 100 | 1 |
_aBarahona, Sandra _915852 |
|
| 245 | 1 |
_aEstado, distribución, sistemática y conservación de los Crocodylia colombianos, III _bCon Énfasis en el Caimán del Magdalena (Cocodylus Acutus) en los Ríos Sínu, Man, Mira y Patia |
|
| 260 |
_aBogotá _bMinambiente _c1996 |
||
| 300 |
_a78 Paginas _b27 x 22 |
||
| 650 |
_aSistemática _93510 |
||
| 650 | 1 | 4 |
_aConservación de biodiversidad _9345 |
| 650 | 1 | 4 |
_aCensos _973028 |
| 650 | 1 | 4 |
_aDensidad poblacional _97576 |
| 650 | 1 | 4 |
_aDistribución geográfica _973029 |
| 650 | 1 | 4 |
_aHábitat _973030 |
| 662 | _aColombia | ||
| 700 |
_aMartínez, Aleyda _96105 |
||
| 942 |
_cINFORME _2z _01 |
||
| 999 |
_c2419 _d2419 |
||